00000000nam##2200000za#4500
0019.592784
003CaOODSP
00520250403105027
007cr |||||||||||
008150406|2003||||xxc|||||o    f|0| 0 fre|d
020 |a0-662-89162-7
022 |a1707-3448
040 |aCaOODSP|bfre
043 |an-cn---
0861 |aCS13-0031/10F-IN
24500|aMesure de la production, de la valeur ajoutée et du PIB au Canada et aux États-Unis : |h[ressource électronique]|bsimilitudes et différences / |cPar Kishori Lal.
260 |bStatistique Canada |c2003.
300 |a66p.
4901 |aRévision historique 1997 du Système de comptabilité nationale du Canada|x1707-3448|vN° 10
590 |a06-05-Supp|b2006-10-02
69107|aComptes publics|2gcpds
69107|aFinances internationales|2gcpds
7102 |aStatistique Canada.
7201 |aLal, Kishori
77508|tMeasurement of output, value added, GDP in Canada and the United States : |w(CaOODSP)9.560096
830#0|aRévision historique 1997 du Système de comptabilité nationale du Canada,|x1707-3448|vN° 10|w(CaOODSP)9.501121
85640|ahttp://publications.gc.ca|qPDF|s351 Ko|uhttps://publications.gc.ca/collections/Collection/Statcan/13F0031M/13F0031MIF2003010.pdf|yN° 10